Mrs. Harris Goes to Paris (Record no. 376613)
[ view plain ]
| 000 -LEADER | |
|---|---|
| fixed length control field | 02582ngm a22005892i 4500 |
| 005 - DATE AND TIME OF LATEST TRANSACTION | |
| control field | 20220822134526.0 |
| 007 - PHYSICAL DESCRIPTION FIXED FIELD--GENERAL INFORMATION | |
| fixed length control field | vd cvaizk |
| 008 - FIXED-LENGTH DATA ELEMENTS--GENERAL INFORMATION | |
| fixed length control field | 220715s2022 xxu092 e vleng d |
| 020 ## - INTERNATIONAL STANDARD BOOK NUMBER | |
| Terms of availability | $22.99 |
| 024 1# - OTHER STANDARD IDENTIFIER | |
| Standard number or code | 191329216606 |
| 040 ## - CATALOGING SOURCE | |
| Language of cataloging | eng |
| Description conventions | rda |
| Modifying agency | CTMMSN |
| 082 04 - DEWEY DECIMAL CLASSIFICATION NUMBER | |
| Classification number | [Fic] |
| Edition number | 23 |
| 245 00 - TITLE STATEMENT | |
| Title | Mrs. Harris Goes to Paris |
| Medium | [videorecording]. |
| 264 #1 - Production, Publication, Distribution, Manufacture, and Copyright Notice. | |
| Place of production, publication, distribution, manufacture | [Universal City, California?] : |
| Name of producer, publisher, distributor, manufacturer | [Universal Home Entertainment], |
| Date of production, publication, distribution, manufacture, or copyr | [2022] |
| 264 #2 - Production, Publication, Distribution, Manufacture, and Copyright Notice. | |
| Place of production, publication, distribution, manufacture | Old Saybrook, Connecticut : |
| Name of producer, publisher, distributor, manufacturer | www.micromarketing.org |
| 300 ## - PHYSICAL DESCRIPTION | |
| Extent | 1 videodisc (ca. 92 min.) : |
| Other physical details | sd., col. ; |
| Dimensions | 4 3/4 in. |
| 336 ## - Content Type | |
| Content type term | two-dimensional moving image |
| 337 ## - Media type | |
| Media type term | video |
| 338 ## - Carrier type | |
| Carrier type term | videodisc |
| 344 ## - | |
| -- | digital |
| -- | optical |
| -- | stereo |
| -- | rda |
| 345 ## - | |
| -- | widescreen (1.78:1) |
| -- | 24 fps |
| -- | rda. |
| 346 ## - | |
| -- | NTSC |
| -- | rda |
| 347 ## - | |
| -- | video file |
| -- | DVD video |
| -- | region 1 |
| -- | rda |
| 500 ## - GENERAL NOTE | |
| General note | Widescreen edition. |
| 500 ## - GENERAL NOTE | |
| General note | [Typographic symbols and accents removed for systems compatibility.] |
| 508 ## - CREATION/PRODUCTION CREDITS NOTE | |
| Creation/production credits note | Director, Anthony Fabian. |
| 511 1# - PARTICIPANT OR PERFORMER NOTE | |
| Participant or performer note | Jason Isaacs, Lesley Manville, Rose Williams, Alba Baptista, Anna Chancellor, Isabelle Huppert, Freddie Fox, Lucas Bravo, Lambert Wilson, Christian Mckay, Roxane Duran, Ellen Thomas, Jeremy Wheeler, Guilaine Londez, Ben Addis. |
| 520 ## - SUMMARY, ETC. | |
| Summary, etc | In 1950s London, a widowed cleaning lady falls madly in love with a couture Dior dress, deciding she must have one of her own. After working to raise the funds to pursue her dream, she embarks on an adventure to Paris that will change not only her own outlook, but the very future of the House of Dior. |
| 521 8# - TARGET AUDIENCE NOTE | |
| Target audience note | Rating: PG. |
| 538 ## - SYSTEM DETAILS NOTE | |
| System details note | DVD, color, widescreen, NTSC. |
| 546 ## - LANGUAGE NOTE | |
| Language note | English audio. |
| 610 20 - SUBJECT ADDED ENTRY--CORPORATE NAME | |
| Corporate name or jurisdiction name as entry element | Christian Dior (Firm) |
| General subdivision | History. |
| 9 (RLIN) | 6453813 |
| 650 #0 - SUBJECT ADDED ENTRY--TOPICAL TERM | |
| Topical term or geographic name as entry element | Fashion design |
| Geographic subdivision | France |
| -- | Paris |
| General subdivision | History |
| Form subdivision | Drama. |
| 9 (RLIN) | 6453814 |
| 650 #0 - SUBJECT ADDED ENTRY--TOPICAL TERM | |
| Topical term or geographic name as entry element | Cleaning personnel |
| Form subdivision | Drama. |
| 9 (RLIN) | 6453815 |
| 655 #7 - INDEX TERM--GENRE/FORM | |
| Genre/form data or focus term | Feature films. |
| Source of term | lcgft |
| 700 1# - ADDED ENTRY--PERSONAL NAME | |
| Personal name | Isaacs, Jason. |
| 9 (RLIN) | 5815427 |
| 700 1# - ADDED ENTRY--PERSONAL NAME | |
| Personal name | Manville, Lesley. |
| 9 (RLIN) | 58927 |
| 700 1# - ADDED ENTRY--PERSONAL NAME | |
| Personal name | Williams, Rose. |
| 9 (RLIN) | 5812972 |
| 700 1# - ADDED ENTRY--PERSONAL NAME | |
| Personal name | Baptista, Alba. |
| 9 (RLIN) | 6453816 |
| 700 1# - ADDED ENTRY--PERSONAL NAME | |
| Personal name | Chancellor, Anna. |
| 9 (RLIN) | 66644 |
| 700 1# - ADDED ENTRY--PERSONAL NAME | |
| Personal name | Huppert, Isabelle. |
| 9 (RLIN) | 61793 |
| 700 1# - ADDED ENTRY--PERSONAL NAME | |
| Personal name | Fox, Freddie. |
| 9 (RLIN) | 6453817 |
| 700 1# - ADDED ENTRY--PERSONAL NAME | |
| Personal name | Bravo, Lucas. |
| 9 (RLIN) | 6435155 |
| 700 1# - ADDED ENTRY--PERSONAL NAME | |
| Personal name | Wilson, Lambert. |
| 9 (RLIN) | 62022 |
| 700 1# - ADDED ENTRY--PERSONAL NAME | |
| Personal name | Mckay, Christian. |
| 9 (RLIN) | 6453818 |
| 700 1# - ADDED ENTRY--PERSONAL NAME | |
| Personal name | Duran, Roxane. |
| 9 (RLIN) | 5876477 |
| 700 1# - ADDED ENTRY--PERSONAL NAME | |
| Personal name | Thomas, Ellen. |
| 9 (RLIN) | 6453819 |
| 700 1# - ADDED ENTRY--PERSONAL NAME | |
| Personal name | Wheeler, Jeremy. |
| 9 (RLIN) | 6453820 |
| 700 1# - ADDED ENTRY--PERSONAL NAME | |
| Personal name | Londez, Guilaine. |
| 9 (RLIN) | 6453821 |
| 700 1# - ADDED ENTRY--PERSONAL NAME | |
| Personal name | Addis, Ben. |
| 9 (RLIN) | 6453822 |
| 949 ## - LOCAL PROCESSING INFORMATION (OCLC) | |
| n | www.MicroMarketing.org 800-229-9887 |
| Withdrawn status | Lost status | Source of classification or shelving scheme | Damaged status | Not for loan | Collection code | Home library | Current library | Shelving location | Date acquired | Source of acquisition | Total Checkouts | Total Renewals | Full call number | Barcode | Date last seen | Date checked out | Cost, replacement price | Price effective from | Koha item type |
|---|---|---|---|---|---|---|---|---|---|---|---|---|---|---|---|---|---|---|---|
| Dewey Decimal Classification | Movies | Wasatch County Library | Wasatch County Library | Audio Visual Area | 01/18/2023 | Micromarketing | 18 | 14 | DVD Mrs. | 34301001854654 | 03/06/2026 | 02/28/2026 | 18.61 | 01/18/2023 | DVD |
